000 01101nam a2200217Ia 4500
999 _c38619
_d38619
001 4799
003 GE_BSU
005 20190802110539.0
008 181216s2011||||ge |||||||||||||| ||geo||
040 _cGE_BSU
041 _ageo
080 _a657.15 გ-82
100 _aგრიგალაშვილი, ლევან
_9870
245 _aსაბიუჯეტო ორგანიზაციების ბუღალტრული აღრიცხვა :
_bპრაქტიკული სახელმძღვ. /
_cლევან გრიგალაშვილი ; რედ. ვასილ გიგოლაშვილი.
264 _aთბილისი :
_b[გ.გ.]
_c2011.
300 _a206 გვ. :
_bდანართი 192-206 გვ.;
_c20 სმ.
653 _aსაბიუჯეტო ორგანიზაციების ბუღალტრული აღრიცხვა
653 _a ბუღალტრული აღრიცხვა
700 _aგიგოლაშვილი, ვასილ
_92200
942 _cBK
_2udc